000 00658nam a22001697a 4500
003 OSt
005 20251125105339.0
008 251125b |||||||| |||| 00| 0 eng d
020 _a971-584-403-0
040 _aDWC-Main lib
_cOC
082 _aFil. 428.0071 N277 2005
100 _aFloresta, M.L.
245 _aNational service training program (NSTP) :
_bliteracy training service (LTS) book 2 : day care instructional materials
_cFloresta, Ma. Lourdes
260 _aPhil. :
_bC & E Publishing, Inc.,
_cc2005
300 _av, 128 pages :
_b illustration :
_c 26 cm
942 _2ddc
_cBK-CIRC
_hFil. 428.0071 N277 2005
_kCirc.
_n0
999 _c6219
_d6219